Heartland Characters Easy - Statistics

General Stats
  • This quiz has been taken 91 times
  • The average score is 10 of 15
Answer Stats
Hint Answer % Correct
Horse Whisperer Amy Fleming
87%
Grandpa Jack Bartlett
86%
New York Sister Lou Fleming
86%
"Bad Boy" living in loft Ty Borden
84%
Horse Rescued from Wreck Spartan
81%
Absent Father, Rodeo Legend Tim Fleming
79%
Rodeo Farmhand Caleb O'Dell
71%
Lou and Peters daughter Katie
70%
Adopted Daughter of Lou And Peter Georgie
68%
Indian Vet Scott Cardinal
59%
Grandpas Wife (Living) Lisa Stillman
57%
Girls Mother (Deceased) Marion
57%
Oil Man Peter Morris
54%
Talkative Family Friend Mallory Wells
37%
Grandpas Wife (Deceased) Lyndi Bartlett
14%
No matching quizzes found
Score Distribution
Percent of People with Each Score
Percentile by Number Answered
Your Score History
You have not taken this quiz